Pavement analysis and design / (Record no. 26545)
[ view plain ]
| 000 -LEADER | |
|---|---|
| fixed length control field | 00835cam a22002535a 4500 |
| 001 - CONTROL NUMBER | |
| control field | 13467021 |
| 005 - DATE AND TIME OF LATEST TRANSACTION | |
| control field | 20201128024325.0 |
| 008 - FIXED-LENGTH DATA ELEMENTS--GENERAL INFORMATION | |
| fixed length control field | 040123s2012 njua frb 001 0 eng d |
| 020 ## - INTERNATIONAL STANDARD BOOK NUMBER | |
| International Standard Book Number | 0132726106 |
| 020 ## - INTERNATIONAL STANDARD BOOK NUMBER | |
| International Standard Book Number | 9780132726108 |
| 040 ## - CATALOGING SOURCE | |
| Original cataloging agency | DLC |
| Transcribing agency | DLC |
| Modifying agency | DLC |
| -- | EG-ScBUE |
| Language of cataloging | eng |
| 082 04 - DEWEY DECIMAL CLASSIFICATION NUMBER | |
| Edition number | 22 |
| Classification number | 625.8 |
| Item number | HUA |
| 100 1# - MAIN ENTRY--PERSONAL NAME | |
| Personal name | Huang, Yang H. |
| Fuller form of name | (Yang Hsien), |
| Dates associated with a name | 1927- |
| 245 10 - TITLE STATEMENT | |
| Title | Pavement analysis and design / |
| Statement of responsibility, etc | Yang H. Huang. |
| 250 ## - EDITION STATEMENT | |
| Edition statement | 2nd ed., International ed. |
| 260 ## - PUBLICATION, DISTRIBUTION, ETC. (IMPRINT) | |
| Place of publication, distribution, etc | Upper Saddle River : |
| Name of publisher, distributor, etc | Pearson / Prentice Hall, |
| Date of publication, distribution, etc | 2012. |
| 300 ## - PHYSICAL DESCRIPTION | |
| Extent | xiii, 775 p. : |
| Other physical details | ill. ; |
| Dimensions | 24 cm. |
| 504 ## - BIBLIOGRAPHY, ETC. NOTE | |
| Bibliography, etc | Includes bibliographical references and indexes. |
| 650 #7 - SUBJECT ADDED ENTRY--TOPICAL TERM | |
| Topical term or geographic name as entry element | Pavements |
| General subdivision | Design and construction. |
| Source of heading or term | BUEsh |
| 650 #7 - SUBJECT ADDED ENTRY--TOPICAL TERM | |
| Topical term or geographic name as entry element | Structural analysis (Engineering) |
| Source of heading or term | BUEsh |
| 9 (RLIN) | 663 |
| 651 ## - SUBJECT ADDED ENTRY--GEOGRAPHIC NAME | |
| Source of heading or term | BUEsh |
| 653 ## - INDEX TERM--UNCONTROLLED | |
| Resource For college | Generalities |
| -- | Engineering, General |
| Arrived date list | April2018 |
| 942 ## - ADDED ENTRY ELEMENTS (KOHA) | |
| Source of classification or shelving scheme | Dewey Decimal Classification |
| Withdrawn status | Item status | Source of classification or shelving scheme | Damaged status | Not for loan | Home library | Current library | Shelving location | Date acquired | Total Checkouts | Full call number | Barcode | Date last seen | Koha item type | Source of acquisition | Vendor |
|---|---|---|---|---|---|---|---|---|---|---|---|---|---|---|---|
| Dewey Decimal Classification | Central Library | Central Library | First floor | 18/04/2018 | 625.8 HUA | 000047641 | 15/07/2025 | Book - Borrowing | |||||||
| Dewey Decimal Classification | Central Library | Central Library | First floor | 24/04/2018 | 625.8 HUA | 000047666 | 15/07/2025 | Book - Borrowing | Purchase | ||||||
| Dewey Decimal Classification | Central Library | Central Library | First floor | 17/05/2023 | 625.8 HUA | 000056704 | 15/07/2025 | Book - Borrowing | Purchase | Donation-Gift |